书目信息 |
| 题名: |
一个哲学学派正在中国兴起
|
|
| 作者: | 于光远 著 | |
| 分册: | ||
| 出版信息: | 南昌 江西科学技术出版社 1996.12 |
|
| 页数: | 569页 | |
| 开本: | 32开 | |
| 丛书名: | ||
| 单 册: | ||
| 中图分类: | N02 | |
| 科图分类: | ||
| 主题词: | 自然科学--哲学理论 | |
| 电子资源: | ||
| ISBN: | 7-5390-1124-6 | |
| 000 | 00582nam0 2200193 45 | |
| 001 | 0008070888 | |
| 005 | 20000807085055.3 | |
| 010 | @a7-5390-1124-6@d28.00元 | |
| 100 | @a20000807d1996 km y0chiy0120 ea | |
| 101 | 0 | @achi |
| 105 | @a z 000yy | |
| 200 | 1 | @a一个哲学学派正在中国兴起@AYi Ge Zhe Xue Xue Pai Zheng Zai Zhong Guo Xing Qi@f于光远著@FYu Guang Yuan Zhu |
| 210 | @a南昌@c江西科学技术出版社@d1996.12 | |
| 215 | @a569页@d32开 | |
| 606 | 0 | @a自然科学@x哲学理论 |
| 690 | @aN02@v3 | |
| 701 | 0 | @a于光远@4著 |
| 801 | @aCN@bPftUser@c20000807 | |
| 905 | @b90996-000@dN02@eY913@f5 | |
| 一个哲学学派正在中国兴起/于光远著.-南昌:江西科学技术出版社,1996.12 |
| 569页;32开 |
| ISBN 7-5390-1124-6:28.00元 |
| ● |
| 相关链接 |
|
|
|
正题名:一个哲学学派正在中国兴起
索取号:N02/Y913
 
预约/预借
| 序号 | 登录号 | 条形码 | 馆藏地/架位号 | 状态 | 备注 |
| 1 | 90996 | 200909963 | 自科二线504/504自科库 24排2列5层/ [索取号:N02/Y913] | 在馆 | |
| 2 | 90997 | 200909972 | 自科二线504/504自科库 23排1列1层/ [索取号:N02/Y913] | 在馆 | |
| 3 | 90998 | 200909981 | 自科二线504/504自科库 24排2列5层/ [索取号:N02/Y913] | 在馆 | |
| 4 | 90999 | 200909990 | 自科二线504/504自科库 25排2列1层/ [索取号:N02/Y913] | 在馆 | |
| 5 | 91000 | 200910005 | 自科二线504/504自科库 23排1列1层/ [索取号:N02/Y913] | 在馆 |